000 01372cam a2200361 a 4500
001 14707642
003 OSt
005 20210804144649.0
008 070123s2007 ne a 000 0 eng
010 _a 2007002966
020 _a9780123706157
020 _a0123706157
038 _akhadija
040 _aDLC
_cDLC
_dDLC
050 0 0 _aTP248.27.A53
_bP75 2007
082 0 0 _a612.028
_222
245 0 0 _aPrinciples of Tissue Engineering /
_cedited by Robert Lanza, Robert Langer, Joseph Vacanti.
250 _a3rd ed.
260 _aAmsterdam ;
_aBoston :
_bElsevier / Academic Press,
_cc2007.
300 _axxvii, 1307 p. :
_bill. ;
_c29 cm.
563 _ahard cover
650 0 _aAnimal cell biotechnology.
_981215
650 0 _aTissue engineering.
_981216
650 0 _aTransplantation of organs, tissues, etc.
_981217
700 1 _aLanza, R. P.
_q(Robert Paul),
_d1956-
_981218
700 1 _aLanger, Robert S.
_981219
700 1 _aVacanti, Joseph.
_981220
856 4 1 _3Table of contents only
_uhttp://www.loc.gov/catdir/toc/ecip079/2007002966.html
856 4 2 _3Publisher description
_uhttp://www.loc.gov/catdir/enhancements/fy0710/2007002966-d.html
906 _a7
_bcbc
_corignew
_d1
_eecip
_f20
_gy-gencatlg
942 _2ddc
_cBK
999 _c32365
_d32365